गोविन्द मिश्र रचना - संचयन (Record no. 68979)
[ view plain ]
| 000 -LEADER | |
|---|---|
| fixed length control field | 00394nam a22001097a 4500 |
| 082 ## - DEWEY DECIMAL CLASSIFICATION NUMBER | |
| Classification number | 800/GOV |
| 100 ## - MAIN ENTRY--AUTHOR NAME | |
| Personal name | मिश्र,गोविन्द |
| 245 ## - TITLE STATEMENT | |
| Title | गोविन्द मिश्र रचना - संचयन |
| 260 ## - PUBLICATION, DISTRIBUTION, ETC. (IMPRINT) | |
| Place of publication | नई दिल्ली |
| Name of publisher | साहित्य अकादेमी |
| Year of publication | 2022 |
| 650 ## - SUBJECT ADDED ENTRY--TOPICAL TERM | |
| Topical Term | रचनावली |
| 942 ## - ADDED ENTRY ELEMENTS (KOHA) | |
| Koha item type | Hindi Books |
| Withdrawn status | Lost status | Damaged status | Not for loan | Home library | Current library | Date acquired | Cost, normal purchase price | Full call number | Accession Number | Price effective from | Koha item type |
|---|---|---|---|---|---|---|---|---|---|---|---|
| MACL | MACL | 08/04/2026 | 250.00 | 800/GOV | CRH039088 | 08/04/2026 | Hindi Books |









